| 000 | 00397nam a2200145 4500 | ||
|---|---|---|---|
| 001 | 110939 | ||
| 003 | ES-MaACL | ||
| 007 | t| | ||
| 008 | 061121s1954 sp r ||||1| spa d | ||
| 100 | 1 |
_aNácher, Enrique. _984779 |
|
| 245 | 1 | 0 |
_aSobe la tierra ardiente _b: novela / _cEnrique Nácher. |
| 260 |
_aMadrid : _bCid, _c[1954?] |
||
| 300 |
_a417 p. ; _c19 cm. |
||
| 852 |
_aES-MaACL _jC-9766 _bR.37402 |
||
| 999 |
_c110939 _d110939 |
||